00698nam a2200205 a 450000500170000000800410001702000180005805000230007610000220009924500970012125000220021826000680024030000350030850000190034352100080036265000340037065000240040465000360042870000280046420140311163043.0130122s19uu xx 00 eng d a9781111308919 aRC 86.7b.G72 2012 aGrafft, Joseph A. aEssentials for the emergency medical responder /cJoseph A. Grafft & Katherine Kuzma Grafft. aInternational ed. aClifton Park, NY ; Singapore :bDelmar Cengage Learning,c2012. a318 p. :bill. col. ;c28 cm.  aIncludes index aNUR aEmergency medical technicians aMedical emergencies aFirst aid in illness and injury aGrafft, Katherine Kuzma